| 000 | 00903nam0a22002771 4500 | ||
|---|---|---|---|
| 001 | rc\2344222 | ||
| 005 | 20250622234024.0 | ||
| 035 | _a(NLR Aleph) 006475636 | ||
| 090 |
_a5980744 _c5980744 |
||
| 100 | _a20110829d1977 |||y0rusy50 ca | ||
| 101 | 0 |
_arus _aukr |
|
| 102 | _aRU | ||
| 105 | _aa z |||c| | ||
| 200 | 1 |
_aКременец _dКременець _eИст.-краевед. очерк _fБ. Ельгорт |
|
| 205 | _a[2-е изд., доп.] | ||
| 210 |
_aЛьвiв _cКаменяр _d1977 |
||
| 215 |
_a39 с., 12 л. цв. ил. _d17 |
||
| 300 | _aТекст парал. на рус. и укр. яз. | ||
| 300 | _aВ вып. дан. авт.: Б.Б. Эльгорт | ||
| 510 | 0 |
_aКременець _zukr |
|
| 700 | 1 |
_aЭльгорт _bБ.Б. _gБорис Борисович |
|
| 801 | 0 |
_aRU _bNLR _gpsbo |
|
| 801 | 1 |
_aRU _bELAR _2rusmarc |
|
| 852 |
_aNLR _j77-2/3860 |
||
| 942 | _cBOOK | ||
| 980 | _aNB | ||